| 000 | 00625nam a22002057a 4500 | ||
|---|---|---|---|
| 003 | OSt | ||
| 005 | 20260113061754.0 | ||
| 008 | 260113b |||||||| |||| 00| 0 eng d | ||
| 020 | _a0-07-118143-1. | ||
| 040 |
_aDWCL-Main lib _cOC |
||
| 082 |
_27th edition _aCirc. 657.3 W668f 2001 |
||
| 100 | _aJohn J. Wild | ||
| 245 |
_aFinancial Statement Analysis _cJohn J. Wild |
||
| 260 |
_aBoston : _bMcGraw-Hill/Irwin, _cc2001. |
||
| 300 |
_axxi (various paging) : _billustration ; _c25 cm. |
||
| 650 | _21. Accounting. | ||
| 700 | _aBernstein, Leopold A. | ||
| 700 | _aSubramanyan, K. R. | ||
| 942 |
_2ddc _cBK-CIRC _e7th ed. _kCirc. _n0 |
||
| 999 |
_c7332 _d7332 |
||